Proměny našich zemědělských družstev. Od skutečných družstev přes kvazidružstva zpět ke skutečným družstvům.

V r. 1945 bolo v ČSR 10594 rôznych družstiev, poľnohospodárskych bolo 3170. Charakteristika ich činnosti. Vývoj poľnohospodárskeho družstevníctva po prijatí zákona o jednotných poľnohospodárskych družstvách v r. 1949. Posilňovanie štátneho riadenia JRD stranou a vládou. Zoslabovanie družstevných prv...

Descrizione completa

Salvato in:
Dettagli Bibliografici
Autore principale: Karlík, J.
Natura: Capitolo di libro
Lingua:ceco
Soggetti:
Tags: Aggiungi Tag
Nessun Tag, puoi essere il primo ad aggiungerne!!

MARC

LEADER 00000naa a2200000 4500
001 r004245
005 20221125080658.1
041 0 |a cze 
044 |a [CS] 
245 1 0 |a Proměny našich zemědělských družstev.  |b Od skutečných družstev přes kvazidružstva zpět ke skutečným družstvům.  |c J. Karlík 
520 |a V r. 1945 bolo v ČSR 10594 rôznych družstiev, poľnohospodárskych bolo 3170. Charakteristika ich činnosti. Vývoj poľnohospodárskeho družstevníctva po prijatí zákona o jednotných poľnohospodárskych družstvách v r. 1949. Posilňovanie štátneho riadenia JRD stranou a vládou. Zoslabovanie družstevných prvkov. Nová situácia po novembri 1989. Možnosti renesancie družstevníctva. 
610 2 0 |a družstvá poľnohospodárske 
610 2 0 |a JRD 
610 2 0 |a ČSFR 
610 2 0 |a 1945-1949 
610 2 0 |a 1949-1989 
100 1 |a Karlík, J.